Un día en la vida
Sábháilte in:
| Príomhchruthaitheoir: | |
|---|---|
| Formáid: | Anaithnid |
| Teanga: | Spanish |
| Foilsithe / Cruthaithe: |
San José, Costa Rica
Universitaria centroamericana
1983
|
| Eagrán: | 3. edición |
| Sraith: | Colección Séptimo Día
|
| Ábhair: | |
| Clibeanna: |
Cuir clib leis
Níl clibeanna ann, Bí ar an gcéad duine le clib a chur leis an taifead seo!
|
MARC
| LEADER | 000000000a22000000004500 | ||
|---|---|---|---|
| 001 | 000731 | ||
| 008 | 131204s1983 cr ||||g |||| 000 f spa d | ||
| 020 | |a 9977300232 | ||
| 040 | |a cru CIICLA Universidad de Costa Rica | ||
| 082 | |a ES863.4 A694u3 | ||
| 100 | 1 | |a Argueta Cañas, Manlio, 1935- | |
| 245 | 1 | 3 | |a Un día en la vida |c Manlio Argueta |
| 250 | |a 3. edición | ||
| 260 | |a San José, Costa Rica |b Universitaria centroamericana |c 1983 | ||
| 300 | |a 226 páginas | ||
| 490 | 0 | |a Colección Séptimo Día | |
| 500 | |a Número de inscripción 13833 | ||
| 650 | 4 | |a LITERATURA SALVADOREÑA | |
| 650 | 4 | |a NOVELA | |
| 942 | |2 ddc |c BK | ||
| 999 | |c 1508 |d 1508 | ||



